000 00430 a2200109 4500
001 ART_18521
005 20260410161702.0
008 260409a
245 1 0 _aJustificación del origen de los fondos y de la capacidad de compra para la adquisición de moneda extranjera. Régimen de información y control previos.
100 1 _aFerraro, Ricardo H.
773 0 _tRevista Impuestos
_g- Nº 12 (dic. 2011)
_wREV639
999 _c15304
_d15304